[Event "AUTO-OPEN-888"]
[Site "http://www.queenalice.com/game.php?id=297583"]
[Date "2007.11.3"]
[Round "1"]
[White "Darksnake"]
[Black "mattbel"]
[Result "0-1"]
[WhiteElo "1579"]
[BlackElo "1616"]

1. d4 e6 2. e4 d5 3. Nc3 Nf6 4. e5 Ne4 5. Qf3 Bb4 6. a3 Bxc3+ 7. bxc3 O-O 8. Qg4
Nc6 9. Ne2 f5 10. Qh5 g6 11. Qh6 a5 12. f3 Qe7 13. fxe4 fxe4 14. Bf4 b5 15. g3
b4 16. cxb4 axb4 17. a4 b3 18. cxb3 Ba6 19. Nc3 Qb4 20. Bd2 Nxd4 21. Bg2 Nc2+
22. Kd1 Nxa1 23. Bg5 Qxb3+ 24. Ke1 Qxc3+ 25. Bd2 Qd3 0-1

[Event "AUTO-OPEN-888"]
[Site "http://www.queenalice.com/game.php?id=297600"]
[Date "2007.11.3"]
[Round "1"]
[White "Darksnake"]
[Black "Miki"]
[Result "1-0"]
[WhiteElo "1562"]
[BlackElo "1255"]

1. d4 Nf6 2. Nf3 Nc6 3. Nc3 e6 4. Bf4 Bb4 5. Qd2 d5 6. a3 Bxc3 7. Qxc3 b6 8.
Qxc6+ Bd7 9. Qc3 Ne4 10. Qe3 Qf6 11. Ne5 Bb5 12. f3 Nd6 13. b3 c6 14. a4 Ba6 15.
Nxc6 Rd8 16. Nxd8 Qxd8 17. Qc3 Nf5 18. a5 bxa5 19. Qc6+ Qd7 20. Qxa6 1-0

[Event "AUTO-OPEN-888"]
[Site "http://www.queenalice.com/game.php?id=297601"]
[Date "2007.11.3"]
[Round "1"]
[White "Miki"]
[Black "Darksnake"]
[Result "0-1"]
[WhiteElo "1279"]
[BlackElo "1579"]

1. c4 e5 2. g3 c6 3. Bg2 d5 4. b3 Nf6 5. Nc3 d4 6. Ne4 Bg4 7. d3 Nxe4 8. Bxe4
Qa5+ 9. Bd2 Bb4 10. Nf3 Nd7 11. Qc2 f5 12. Ng5 fxe4 13. dxe4 h6 14. f3 hxg5 15.
fxg4 Nf6 16. Rf1 Nxg4 17. Bxb4 Qxb4+ 18. Qd2 Qxd2+ 19. Kxd2 O-O-O 20. a4 Nxh2
21. Rf2 Ng4 22. Rf7 g6 23. b4 Ne3 24. b5 Nxc4+ 25. Kd3 Nd6 26. Rg7 Rh3 27. Rxg6
Rxg3+ 28. Kc2 cxb5 29. axb5 Nxb5 0-1

[Event "AUTO-INT-672"]
[Site "http://www.queenalice.com/game.php?id=297657"]
[Date "2007.11.3"]
[Round "1"]
[White "J_Ricardo"]
[Black "Darksnake"]
[Result "0-1"]
[WhiteElo "1618"]
[BlackElo "1554"]

1. e4 e5 2. Bc4 Nf6 3. Nc3 Bc5 4. Qf3 d6 5. d3 Nc6 6. Bg5 h6 7. Bh4 g5 8. Bg3
Bg4 9. Nd5 Bxf3 10. Nxf3 Nd4 11. Nxd4 Bxd4 12. c3 Bc5 13. O-O c6 14. Nxf6+ Qxf6
15. b4 Bb6 16. a4 O-O 17. a5 Bc7 18. Rae1 b5 19. axb6 axb6 20. d4 Ra3 21. dxe5
dxe5 22. Rd1 Rxc3 23. Be2 Rb3 24. Rd7 Bd6 25. Bf3 Rxb4 26. h3 Qe6 27. Bg4 Qf6
28. Rd1 Bc5 29. Rf1 Rxe4 30. Rfd1 b5 31. Bf3 Rc4 32. Re1 Bd6 33. Kf1 Qe6 34. Bg4
f5 35. Rc7 Bxc7 36. Be2 f4 37. Bh2 Ba5 38. Rd1 Re4 39. f3 Rxe2 40. Kxe2 Qc4+ 41.
Kf2 Qc2+ 42. Kf1 Qxd1+ 43. Kf2 Qe1# 0-1

[Event "AUTO-INT-672"]
[Site "http://www.queenalice.com/game.php?id=297658"]
[Date "2007.11.3"]
[Round "1"]
[White "Darksnake"]
[Black "J_Ricardo"]
[Result "1-0"]
[WhiteElo "1562"]
[BlackElo "1592"]

1. d4 e6 2. c4 Nf6 3. Nf3 b6 4. Bf4 Ne4 5. Qc2 Nf6 6. e3 Bb7 7. Be2 h6 8. O-O
Be7 9. Nbd2 Bxf3 10. Bxf3 c6 11. Rad1 Na6 12. a3 d6 13. d5 cxd5 14. cxd5 Rc8 15.
Qa4+ Nd7 16. Qxa6 Rc2 17. Nc4 exd5 18. Bxd5 O-O 19. Qa4 Re2 20. Nd2 Nf6 21. Bf3
Rxd2 22. Rxd2 Nd7 23. Be2 Nc5 24. Qxa7 Ne4 25. Rdd1 Nf6 26. Qa4 d5 27. Be5 Ne8
28. Qg4 Bc5 29. Bb5 Nc7 30. Qxg7# 1-0

[Event "AUTO-INT-672"]
[Site "http://www.queenalice.com/game.php?id=297673"]
[Date "2007.11.3"]
[Round "1"]
[White "Ikki_de_Fenix"]
[Black "Darksnake"]
[Result "1-0"]
[WhiteElo "1975"]
[BlackElo "1554"]

1. d4 d5 2. c4 c6 3. Nc3 Nf6 4. Nf3 Bf5 5. e3 e6 6. c5 Nbd7 7. h3 b6 8. cxb6
Qxb6 9. Be2 Qa5 10. O-O Ne4 11. Nxe4 dxe4 12. Nh4 Be7 13. Nxf5 Qxf5 14. b3 O-O
15. Bb2 Bf6 16. Rc1 c5 17. Ba3 Rfc8 18. dxc5 Nxc5 19. Bxc5 Rxc5 20. Qd6 Rxc1 21.
Rxc1 Qa5 22. Qc6 Rd8 23. a4 g6 24. Qxe4 Qd2 25. Qc2 Bb2 26. Qxd2 Rxd2 27. Rc8+
Kg7 28. Bc4 a5 29. Ra8 Bc3 30. Ra7 h5 31. Bxe6 Rd1+ 32. Kh2 Kf6 33. Bc4 Rd2 34.
Rxf7+ Kg5 35. Kg3 h4+ 36. Kf3 Bb4 37. g3 hxg3 38. fxg3 Rd1 39. h4+ Kh6 40. g4
Rh1 41. g5+ Kh5 42. Rh7# 1-0

[Event "AUTO-INT-672"]
[Site "http://www.queenalice.com/game.php?id=297674"]
[Date "2007.11.3"]
[Round "1"]
[White "Darksnake"]
[Black "Ikki_de_Fenix"]
[Result "0-1"]
[WhiteElo "1566"]
[BlackElo "1860"]

1. d4 d5 2. c4 dxc4 3. e3 b5 4. Nf3 Nf6 5. Nc3 c6 6. Ne5 e6 7. Qf3 Bb7 8. Ne4
Nbd7 9. Ng5 Bb4+ 10. Bd2 Bxd2+ 11. Kxd2 O-O 12. Be2 h6 13. Nh3 Nxe5 14. Qg3 Ned7
15. Rhd1 Qa5+ 16. Kc1 c3 17. bxc3 Qxc3+ 18. Kb1 Nb6 19. Rc1 Qd2 20. Rc2 Qe1+ 21.
Kb2 Na4+ 22. Ka3 Qxa1 23. Qc7 Qb1 24. Bd3 Nd5 25. Qa5 b4+ 0-1

[Event "AUTO-INT-672"]
[Site "http://www.queenalice.com/game.php?id=297683"]
[Date "2007.11.3"]
[Round "1"]
[White "anakarine"]
[Black "Darksnake"]
[Result "1-0"]
[WhiteElo "1553"]
[BlackElo "1456"]

1. d4 d5 2. e3 c5 3. Nc3 Nf6 4. dxc5 e6 5. Na4 Qa5+ 6. c3 Bd7 7. b4 Bxa4 8. bxa5
Bxd1 9. Kxd1 Bxc5 10. Bb5+ Nbd7 11. Ne2 O-O 12. h3 a6 13. Bxd7 Nxd7 14. Nf4 Nf6
15. Rb1 Ne4 16. Rf1 Nxc3+ 17. Kc2 Nxb1 18. Kxb1 Bb4 19. Bb2 Rac8 20. Nh5 f6 21.
Nf4 Rc6 22. Ne2 e5 23. Nc1 Bxa5 24. Nb3 Bb6 25. Rc1 Rxc1+ 26. Bxc1 d4 27. e4 f5
28. Ba3 Rf6 29. Nd2 f4 30. Nc4 1-0

[Event "AUTO-INT-672"]
[Site "http://www.queenalice.com/game.php?id=297684"]
[Date "2007.11.3"]
[Round "1"]
[White "Darksnake"]
[Black "anakarine"]
[Result "0-1"]
[WhiteElo "1444"]
[BlackElo "1565"]

1. d4 d5 2. c4 Bf5 3. Nc3 dxc4 4. e3 Be6 5. Qa4+ Nd7 6. Bxc4 Bxc4 7. Qxc4 Nb6 8.
Qb3 Nh6 9. Nf3 e6 10. O-O Bd6 11. e4 O-O 12. Bxh6 gxh6 13. e5 Be7 14. Qc2 Bb4
15. Ne4 Nd5 16. Qc1 a6 17. Qd1 f5 18. Ng3 f4 19. Ne4 Qe7 20. a3 Ba5 21. Qb3 b6
22. Nc3 Bxc3 23. bxc3 Qd7 24. Rfd1 Rf7 25. c4 Ne7 26. c5 b5 27. Qb2 Nf5 28. Rac1
c6 0-1

[Event "AUTO-INT-594"]
[Site "http://www.queenalice.com/game.php?id=313530"]
[Date "2007.12.1"]
[Round "2"]
[White "Darksnake"]
[Black "reginaldox"]
[Result "0-1"]
[WhiteElo "1544"]
[BlackElo "1756"]

1. d4 d5 2. c4 c6 3. Nf3 Nf6 4. e3 Bg4 5. b3 e6 6. Be2 Nbd7 7. Nh4 Bxe2 8. Qxe2
Be7 9. O-O Ne4 10. Nf3 O-O 11. Nfd2 f5 12. f3 Nxd2 13. Bxd2 a6 14. Nc3 Rc8 15.
Na4 Qc7 16. f4 Nf6 0-1

[Event "AUTO-INT-594"]
[Site "http://www.queenalice.com/game.php?id=313531"]
[Date "2007.12.1"]
[Round "2"]
[White "reginaldox"]
[Black "Darksnake"]
[Result "1-0"]
[WhiteElo "1748"]
[BlackElo "1552"]

1. b4 d5 2. Bb2 e6 3. b5 c5 4. Nf3 Bd7 5. e3 Nf6 6. Be2 Qa5 7. a4 a6 8. Bc3 Qc7
9. bxa6 bxa6 10. d4 Ne4 11. Bd2 c4 12. O-O c3 13. Be1 Bb4 14. Bd3 Nf6 15. Ne5
O-O 16. f4 Be8 17. Qf3 1-0

[Event "AUTO-INT-594"]
[Site "http://www.queenalice.com/game.php?id=313532"]
[Date "2007.12.1"]
[Round "2"]
[White "Darksnake"]
[Black "darkjedi"]
[Result "0-1"]
[WhiteElo "1466"]
[BlackElo "1968"]

1. d4 Nf6 2. Nf3 e6 3. b3 c5 4. c3 d5 5. Bf4 Be7 6. e3 O-O 7. Be2 Nc6 8. O-O
cxd4 9. cxd4 Re8 10. Nc3 a6 11. a3 Bd7 12. Ne5 Nxe5 13. Bxe5 Rc8 14. Qc2 b5 15.
Qb2 Bf8 16. f3 Be7 17. e4 Bc6 18. Bd3 dxe4 19. Nxe4 Nxe4 0-1

[Event "AUTO-INT-594"]
[Site "http://www.queenalice.com/game.php?id=313533"]
[Date "2007.12.1"]
[Round "2"]
[White "darkjedi"]
[Black "Darksnake"]
[Result "1-0"]
[WhiteElo "1970"]
[BlackElo "1464"]

1. e4 e5 2. Nf3 d6 3. d4 Bg4 4. dxe5 Bxf3 5. gxf3 Nd7 6. exd6 Bxd6 7. Bc4 Ne5 8.
Be2 Qh4 9. Nc3 Ne7 10. Be3 O-O 11. f4 N5g6 12. e5 Bb4 13. Qd4 c5 14. Qc4 b6 15.
O-O-O Kh8 16. Nd5 Nxd5 17. Rxd5 Rad8 18. Rxd8 Qxd8 19. Qe4 Ne7 20. Rd1 1-0

[Event "AUTO-INT-719"]
[Site "http://www.queenalice.com/game.php?id=320381"]
[Date "2007.12.15"]
[Round "1"]
[White "zemaria"]
[Black "Darksnake"]
[Result "1-0"]
[WhiteElo "1625"]
[BlackElo "1486"]

1. e4 e5 2. Nf3 d6 3. d4 Nf6 4. dxe5 Nxe4 5. Nbd2 Nxd2 6. Bxd2 Nc6 7. exd6 cxd6
8. c4 Be7 9. Be2 O-O 10. Be3 Bf5 11. O-O Bf6 12. Nd4 Bg6 13. Qd2 Ne5 14. Rad1
1-0

[Event "AUTO-INT-719"]
[Site "http://www.queenalice.com/game.php?id=320382"]
[Date "2007.12.15"]
[Round "1"]
[White "Darksnake"]
[Black "zemaria"]
[Result "0-1"]
[WhiteElo "1476"]
[BlackElo "1635"]

1. d4 d5 2. c4 Nf6 3. Nc3 Bf5 4. e3 c6 5. Nge2 e6 6. cxd5 Nxd5 7. Ng3 Bg6 8. Be2
Be7 9. O-O Qc7 10. Bd3 Na6 11. Bxg6 hxg6 12. a3 Bd6 13. Qf3 Rh7 0-1